An Introduction to Statistical Learning with applications in R.
I tiakina i:
| Ngā kaituhi matua: | , , , |
|---|---|
| Hōputu: | Tē mōhiotia |
| I whakaputaina: |
New York, United States:
Springer,
2013.
|
| Rangatū: | Springer Texts in Statistics.
|
| Ngā marau: | |
| Ngā Tūtohu: |
Tāpirihia he Tūtohu
Kāore He Tūtohu, Me noho koe te mea tuatahi ki te tūtohu i tēnei pūkete!
|
MARC
| LEADER | 00000 a2200000 4500 | ||
|---|---|---|---|
| 003 | CL-VaPUC | ||
| 005 | 20220830090353.0 | ||
| 008 | 200309t2013 ||||| |||| 00| 0 eng d | ||
| 999 | |c 438565 |d 438563 | ||
| 020 | |a 9781461471370 | ||
| 040 | |c Pontificia Universidad Católica de Valparaíso | ||
| 082 | 0 | 4 | |a 519.5 JAM 2013 |
| 100 | |a James, Gareth |e author |9 600094 | ||
| 245 | |a An Introduction to Statistical Learning with applications in R. | ||
| 260 | |a New York, United States: |b Springer, |c 2013. | ||
| 300 | |a 426 páginas. | ||
| 490 | 0 | |a Springer Texts in Statistics. | |
| 583 | |k Cristina María Rojas Aguilar |c 20200309 | ||
| 650 | 0 | 0 | |a Estadística matemática |9 260028 |
| 650 | 0 | 0 | |a Programación de computadores |9 259531 |
| 650 | 0 | 0 | |a Probabilidades |9 260199 |
| 700 | |a Witten, Daniela |9 737425 |e author | ||
| 700 | |a Hastie, Trevor J |9 222215 |e author | ||
| 700 | |a Tibshirani, Robert |9 737426 |e author | ||
| 942 | |2 ddc |c BK | ||
| 952 | |0 0 |1 0 |3 erd |4 0 |6 519_500000000000000_JAM_2013 |7 0 |8 A |9 490729 |a BIBGIM |b BIBGIM |i 5510155 |o 519.5 JAM 2013 |p 5510155 |r 2025-01-15 |w 2019-11-24 |y BK |z Catalogado en:20181026 |k EST | ||
| 952 | |0 0 |1 0 |3 erd |4 0 |6 519_500000000000000_JAM_2013 |7 0 |8 A |9 490730 |a BIBGIM |b BIBGIM |i 5510147 |o 519.5 JAM 2013 |p 5510147 |r 2025-01-15 |w 2019-11-24 |y BK |z Catalogado en:20181026 |k EST | ||
| 952 | |0 0 |1 0 |3 erd |4 0 |6 519_500000000000000_JAM_2013 |7 0 |8 A |9 490731 |a BIBGIM |b BIBGIM |i 5510139 |o 519.5 JAM 2013 |p 5510139 |r 2025-01-15 |w 2019-11-24 |y BK |z Catalogado en:20181026 |k EST | ||
| 952 | |0 0 |1 0 |3 erd |4 0 |6 519_500000000000000_JAM_2013 |7 0 |8 A |9 490732 |a BIBGIM |b BIBGIM |i 5510120 |o 519.5 JAM 2013 |p 5510120 |r 2025-01-15 |w 2019-11-24 |y BK |z Catalogado en:20181026 |k EST | ||